Parti politique avec des présidences de département - Statistiques

Statistiques générales
  • Ce quiz a été pris 226 fois
  • Le résultat moyen est 4 sur 10
Statistiques - réponses
Parti Nmb de départements % Correct
Les Républicains 42
97%
Parti Socialiste 23
97%
La République en Marche 1
79%
Mouvement Démocrate 1
57%
Union des Démocrates Indépendants 9
51%
Parti Radical de Gauche 2
23%
Guadeloupe unie, solidaire et responsable 1
3%
Mouvement indépendantiste martiniquais 1
2%
Soyons Libres 1
2%
Rassemblement démocratique pour la Martinique 1
0%
Aucun quiz correspondant
Distribution des résultats
% des personnes avec chaque résultat
Percentile par nombre de réponses
Votre historique - résultats
Vous n’avez pas pris ce quiz